=LDR 00000nam 2200000 4500 =001 INLIS000000000045006 =005 20141209110650.0 =006 =007 =008 =020 ##$$a 978-602-8982-04-7 =035 ##$$0010-121400000000156 =040 ##$$a NBPDMAT =082 ##$$a 591.959 8 =090 ##$$a 591.959 8 $b Kea k =245 ##$$a Keanekaragaman fauna Indonesia seri ikan / $c Sri Handayani =260 ##$$a Jakarta : $b Lestari Kiranatama, $c 2010 =300 ##$$a 54 hlm. : $b ilus. ; $c 20 cm. =650 ##$$a Binatang Indonesia-ikan